00344nam a22001097a 4500008004100000020001500041100002200056245009200078260004200170300001000212650001200222221116b |||||||| |||| 00| 0 eng d a0854768343 aKendrick, Graham  aWorship:bthe believer's guide to worship to the praise of his glory/ cGraham Kendrick aEnglandbKingsway Publications c1999 a207p. aWorship